LEADER 01040cam0-2200349---450 001 990002898560203316 005 20210121120628.0 010 $a88-7989-980-5 035 $a000289856 035 $aUSA01000289856 035 $a(ALEPH)000289856USA01 035 $a000289856 100 $a20070410d2005----|||y0itay0103----ba 101 0 $aita 102 $aIT 105 $a||||||||001yy 200 1 $a<> selvaggio gentiluomo$el'incredibile storia di Pedro Gonzales e dei suoi figli$fRoberto Zapperi 210 $aRoma$cDonzelli$d2005 215 $aVII, 181 p., [16] p. di tav.$cill.$d22 cm 225 2 $aSaggi$iStoria e scienze sociali 410 0$a12001$aSaggi$iStoria e scienze sociali 454 1 $12001 600 $aGonzales,$bPedro$xBiografie 676 $a946.043092 700 1$aZAPPERI,$bRoberto$0165762 801 $aIT$bSALBC$gISBD 912 $a990002898560203316 951 $aX.2.B. 1565$b191330 L.M.$cX.2.$d00127802 959 $aBK 969 $aUMA 996 $aSelvaggio gentiluomo$91488031 997 $aUNISA LEADER 02263nam0 2200481 i 450 001 VAN0114741 005 20220307115201.625 017 70$2N$a978-3-319-40057-0 100 $a20180209d2016 |0itac50 ba 101 $aeng 102 $aCH 105 $a|||| ||||| 200 1 $aExcel 2016 for environmental sciences statistics$ea guide to solving practical problems$fThomas J. Quirk, Meghan H. Quirk, Howard F. Horton 210 $a[Cham]$cSpringer$d2016 215 $aXVII, 252 p.$cill.$d24 cm 410 1$1001VAN0104044$12001 $aExcel for Statistics$1210 $aBerlin [etc.]$cSpringer 500 1$3VAN0242328$aExcel 2016 for environmental sciences statistics$91523326 606 $a68-XX$xComputer science [MSC 2020]$3VANC019670$2MF 606 $a62-XX$xStatistics [MSC 2020]$3VANC022998$2MF 606 $a62P12$xApplications of statistics to environmental and related topics [MSC 2020]$3VANC033424$2MF 606 $a97N80$xMathematical software, computer programs (educational aspects) [MSC 2020]$3VANC033633$2MF 610 $aApplied Environmental Sciences Statistics$9KW:K 610 $aEnvironmental Sciences Statistics$9KW:K 610 $aExcel 2016$9KW:K 610 $aExcel 2016 Environmental Sciences Statistics$9KW:K 610 $aExcel Environmental Sciences$9KW:K 610 $aExcel Guide$9KW:K 610 $aExcel Statistics$9KW:K 610 $aPractical Environmental Science Statistics$9KW:K 610 $aStatistics for Environmentalists$9KW:K 620 $aCH$dCham$3VANL001889 700 1$aQuirk$bThomas J.$3VANV080581$0721655 701 1$aHorton$bHoward F.$3VANV087934$0755667 701 1$aQuirk$bMeghan H.$3VANV087933$0755666 712 $aSpringer $3VANV108073$4650 801 $aIT$bSOL$c20240614$gRICA 856 4 $uhttp://dx.doi.org/10.1007/978-3-319-40057-0$zE-book ? Accesso al full-text attraverso riconoscimento IP di Ateneo, proxy e/o Shibboleth 899 $aBIBLIOTECA CENTRO DI SERVIZIO SBA$2VAN15 912 $fN 912 $aVAN0114741 950 $aBIBLIOTECA CENTRO DI SERVIZIO SBA$d15CONS SBA EBOOK 2245 $e15EB 2245 20180209 996 $aExcel 2016 for environmental sciences statistics$91523326 997 $aUNICAMPANIA